Manufacturing telecommunications equipment in newly industrilizing countries (Record no. 50324)

MARC details
000 -LEADER
fixed length control field 00620nam a2200169 a 4500
008 - FIXED-LENGTH DATA ELEMENTS--GENERAL INFORMATION
fixed length control field 120416s0000 ||||||||||||||||| || u
020 ## - INTERNATIONAL STANDARD BOOK NUMBER
International Standard Book Number 0821318497
050 ## - LIBRARY OF CONGRESS CALL NUMBER
Classification number IBRD(08)TP
100 ## - MAIN ENTRY--PERSONAL NAME
Personal name Holcer, Nikola
245 10 - TITLE STATEMENT
Title Manufacturing telecommunications equipment in newly industrilizing countries
246 ## - VARYING FORM OF TITLE
Title proper/short title the effect of technological progress
260 ## - PUBLICATION, DISTRIBUTION, ETC.
Place of publication, distribution, etc. Washington, D.C.
Name of publisher, distributor, etc. World Bank
Date of publication, distribution, etc. 1991
300 ## - PHYSICAL DESCRIPTION
Extent x, 44p. : ill.
350 ## - PRICE (NR) (BK AM CF MU VM SE) [OBSOLETE]
Price 0.00
700 ## - ADDED ENTRY--PERSONAL NAME
Personal name Ivanek, Ferdo
995 ## - RECOMMENDATION 995 [LOCAL, UNIMARC FRANCE]
-- 0.00
-- CBU-MAIN LIBRARY (Kitwe)
-- 1
-- 0.00
-- AVAILABLE
-- International Publications
Holdings
Withdrawn status Lost status Source of classification or shelving scheme Damaged status Not for loan Home library Current library Shelving location Date acquired Total Checkouts Full call number Barcode Date last seen Price effective from Koha item type
          CBU-MAIN LIBRARY, KITWE. CBU-MAIN LIBRARY, KITWE.   11/30/2022   IBRD(08)TP 019755 11/30/2022 11/30/2022 MONOGRAPH